The Political Economy of Inclusive Growth : A Review.

In this paper, we review the role of the political economy in inclusive growth. We find that political economy forces on the demand and supply side have weakened redistribution over time and contributed to a new wave of populism. We document growing support for a rethink of the social contract to ma...

Полное описание

Библиографические подробности
Формат: Журнал
Язык:English
Опубликовано: Washington, D.C. : International Monetary Fund, 2021.
Серии:IMF Working Papers; Working Paper ; No. 2021/082
Предметы:
Online-ссылка:Full text available on IMF
LEADER 01516cas a2200289 a 4500
001 AALejournalIMF021672
008 230101c9999 xx r poo 0 0eng d
020 |c 5.00 USD 
020 |z 9781513574189 
022 |a 1018-5941 
040 |a BD-DhAAL  |c BD-DhAAL 
245 1 4 |a The Political Economy of Inclusive Growth :   |b A Review. 
264 1 |a Washington, D.C. :  |b International Monetary Fund,  |c 2021. 
300 |a 1 online resource (40 pages) 
490 1 |a IMF Working Papers 
500 |a <strong>Off-Campus Access:</strong> No User ID or Password Required 
500 |a <strong>On-Campus Access:</strong> No User ID or Password Required 
506 |a Electronic access restricted to authorized BRAC University faculty, staff and students 
520 3 |a In this paper, we review the role of the political economy in inclusive growth. We find that political economy forces on the demand and supply side have weakened redistribution over time and contributed to a new wave of populism. We document growing support for a rethink of the social contract to make growth more inclusive and discuss some of its broad elements. 
538 |a Mode of access: Internet 
650 7 |a Growth  |2 imf 
650 7 |a Inequality  |2 imf 
650 7 |a Labor Program  |2 imf 
650 7 |a Political Economy  |2 imf 
650 7 |a Redistribution  |2 imf 
830 0 |a IMF Working Papers; Working Paper ;  |v No. 2021/082 
856 4 0 |z Full text available on IMF  |u http://elibrary.imf.org/view/journals/001/2021/082/001.2021.issue-082-en.xml  |z IMF e-Library